000 03728nam a22003977c 4500
001 a5992052
003 SpMaBN
005 20250211120156.0
008 150129s2016 sp a 000 1 spa
015 _aMON16
020 _a9788494565700
035 _a(OCoLC)1002940850
040 _aSpMaBN
_beng
_cSpMaBN
_erdc
041 1 _aspa
041 1 _hjpn
100 1 _aOzaki, Kaori
_d1976-
_eauthor
_eillustrator
240 _aNingyo Ouji.
_lEnglish.
245 1 3 _aEl principe del mar
_c/ Kaori Ozaki ; translated by Salomón Doncel Moriano-Urbano
250 _aSixth edition.
260 _aColombres, Spain :
_bMilky Way Ediciones,
_c2015.
300 _a1 volume (unpaged) :
_bchiefly illustrations (black and white) ;
_c18 cm.
500 _aEdited for Japanese language reading.
505 _aBook reads from right to left.
520 _aMugi, un estudiante transferido de Tokio que ahora vive en una isla del sur de Japón, puede soportar las quemaduras del sol y el acoso que sufre en la escuela. Lo que no puede soportar es el océano, el agua en la que no sabe nadar, y el cuñado que hace tan feliz a su hermana mayor. Desde que sus padres fallecieron y este extraño se convirtió en "familia", Mugi siente que no pertenece a ningún lugar, que tal vez debería simplemente... ahogarse. Sintiendo que no encaja ni siquiera en su propio hogar, busca refugio en su única amiga, una chica local llamada Matori, cuya abuela les cuenta sobre una misteriosa leyenda: unas sirenas en una cala secreta que conceden un deseo a quien las encuentre. Así que cuando el cuñado de Mugi es arrastrado por el mar mientras intenta salvar a un nadador imprudente atrapado en aguas turbulentas, Mugi deberá tomar una decisión: hundirse o nadar para intentar arreglar las cosas. También incluye dos historias cortas: una sobre una joven que lucha por navegar las emociones complejas del trauma y el difícil proceso de crecer y distanciarse de sus amigos, y otra sobre un bibliotecario que se encuentra con un padre e hijo inusuales buscando refugio de la nieve.
520 _aMugi, a transfer student from Tokyo now living in a southern island of Japan, can stand the new sunburn and the bullying he receives at school. It's the ocean, the water that he doesn't know how to swim in, and the brother-in-law who's making his older sister so happy, that he can't handle. Ever since his parents passed and this stranger became "family," Mugi's felt like there's nowhere he belongs, like maybe he should just... drown. Feeling out of place in his own home, he turns for refuge to his one friend, local girl Matori, whose grandmother tells them about a mysterious legend surrounding mermaids in a secret cove who will grant one wish to whoever they meet. So when Mugi's brother-in-law gets swept off to sea trying to save a carless swimmer in rough waters, it's up to Mugi to try to make things right--sink or swim. Also includes two short stories, one following a young girl trying to navigate the complicated emotions that come with trauma and the difficulty of growing up and apart from friends, and another about a librarian who encounters an unusual father and son seeking shelter from the snow.
650 0 _aTeenagers
_vComic books, strips, etc.
_924737
650 0 _aLegends
_vComic books, strips, etc.
_924738
650 0 _aFemale friendship
_vComic books, strips, etc.
_924739
650 0 _aSelf-actualization (Psychology)
_vComic books, strips, etc.
_924740
650 0 _aLibrarians
_vComic books, strips, etc.
_924741
655 0 _aManga
_922426
655 0 _aGraphic novels
_923022
655 0 _aComics (Graphic works)
_923020
700 _aDoncel Moriano-Urbano, Salomón
_924742
_etranslator
942 _2lcc
999 _c3767
_d3767